000 00692nam a22002057a 4500
999 _c731
_d731
003 AR-CdUCM
008 190225b ||||| |||| 00| 0 spa d
040 _aMUNICIPALIDAD PROVINCIAL DEL CUSCO
_cBIBLIOTECA MUNICIPAL DEL CUSCO
082 _a869.56 /
_bP78
100 _aPortal, Magda
_92802
245 _aConstancia del ser /
260 _aLima - Perú :
_bTall. Gráf. P.L. Villanueva,
_c1965.
300 _a224 páginas ;
_c21 cm.
505 _aContenido: Anima absorta -- Vidrios de amor -- Una esperanza y el mar -- Costa Sur -- Constancia del ser ...
650 _aPoesías peruanas
_91481
650 _aSiglo XX
_98
650 _aBiografía
_922
942 _2ddc
_cLIBROS
945 _aachl